[Event "Toronto May Norm"]
[Site "Toronto CAN"]
[Date "2022.05.17"]
[Round "4"]
[White "Ouellet, Maili-Jade"]
[Black "Song, Michael"]
[Result "0-1"]
[WhiteElo "2188"]
[BlackElo "2408"]
[PlyCount "120"]
[EventDate "2022.05.16"]
[EventType "tourn"]
[EventRounds "9"]
[EventCountry "CAN"]

1. d4 d6 2. c4 e5 3. Nf3 e4 4. Ng5 f5 5. Nc3 Be7 6. Nh3 Nf6 7. Bg5 O-O 8. e3 c6
9. Be2 Na6 10. O-O h6 11. Bxf6 Bxf6 12. Nf4 g5 13. Nh5 Bh8 14. Qb3 Qe8 15. Ng3
g4 16. c5+ d5 17. Bxa6 bxa6 18. Nge2 Kh7 19. Nf4 Bf6 20. Qa4 Bd8 21. b4 Bc7 22.
Nce2 a5 23. bxa5 Ba6 24. Rfb1 Rb8 25. Rxb8 Bxb8 26. Rb1 Bc7 27. Rb3 Qd7 28. Nc3
Rd8 29. Nce2 Kg7 30. Ng3 Kf6 31. Nge2 Rb8 32. Nc3 Bc4 33. Rxb8 Bxb8 34. Qb4 Qc8
35. Nb1 Bc7 36. Nd2 Ba6 37. Nb3 Kg5 38. Qe1 h5 39. g3 Kh6 40. Kg2 Bxf4 41. exf4
Qb8 42. Qc3 Qb5 43. Qe1 Qd3 44. h4 Kg6 45. Kh2 Qc4 46. Qe3 Kf7 47. Qe1 Ke6 48.
Qd1 Kd7 49. Kg2 Kc7 50. Nc1 Qc3 51. Nb3 Qf3+ 52. Qxf3 exf3+ 53. Kg1 Kb7 54. Nd2
Bd3 55. Nb3 Ka6 56. Kh1 Kb5 57. Kg1 Kb4 58. Kh1 a6 59. Kg1 Kc3 60. Kh1 Bc4 0-1

[Event "Toronto May Norm"]
[Site "Toronto CAN"]
[Date "2022.05.17"]
[Round "4"]
[White "Plotkin, Mark"]
[Black "Jaferian, Koosha"]
[Result "1-0"]
[WhiteElo "2350"]
[BlackElo "2218"]
[PlyCount "89"]
[EventDate "2022.05.16"]
[EventType "tourn"]
[EventRounds "9"]
[EventCountry "CAN"]

1. d4 Nf6 2. c4 e6 3. Nf3 b6 4. g3 Ba6 5. Qc2 Bb4+ 6. Bd2 Be7 7. e4 d5 8. cxd5
Bxf1 9. Kxf1 exd5 10. e5 Ne4 11. Nc3 Nxc3 12. bxc3 c5 13. h4 Nc6 14. Re1 Qd7
15. Kg2 Nd8 16. e6 fxe6 17. Ne5 Qb5 18. Bg5 Bf6 19. c4 dxc4 20. Qe4 Rc8 21. d5
O-O 22. dxe6 Bxe5 23. e7 Nf7 24. exf8=Q+ Rxf8 25. Qd5 Bd4 26. Re4 Qb2 27. Be3
c3 28. Bxd4 cxd4 29. Rhe1 g6 30. Rf4 Qb4 31. Re8 Kg7 32. Rxf8 Qxf8 33. Qxd4+
Kg8 34. Qxc3 Qa8+ 35. Qf3 Qe8 36. Qd5 Kg7 37. Re4 Qf8 38. Qd4+ Kg8 39. Qf6 Qa8
40. f3 Qc8 41. Re7 Qc2+ 42. Kh3 Qc8+ 43. g4 Qf8 44. Rxa7 Qe8 45. Qe7 1-0

[Event "Toronto May Norm"]
[Site "Toronto CAN"]
[Date "2022.05.17"]
[Round "4"]
[White "Talukdar, Rohan"]
[Black "Oancea, Nicolae"]
[Result "1/2-1/2"]
[WhiteElo "2323"]
[BlackElo "1855"]
[PlyCount "103"]
[EventDate "2022.05.16"]
[EventType "tourn"]
[EventRounds "9"]
[EventCountry "CAN"]

1. e4 e6 2. d4 d5 3. Nd2 dxe4 4. Nxe4 Bd7 5. Nf3 Bc6 6. Bd3 Nd7 7. Ned2 Ngf6 8.
Qe2 Be7 9. O-O O-O 10. Rd1 Nd5 11. Nc4 Nb4 12. Be4 Bxe4 13. Qxe4 Nf6 14. Qe2
Qc8 15. a3 Nbd5 16. Nce5 Re8 17. Ng5 Rf8 18. Rd3 h6 19. Nh3 Bd6 20. c4 Ne7 21.
c5 Bxe5 22. dxe5 Nh7 23. Be3 Rd8 24. Rad1 Rxd3 25. Rxd3 Qe8 26. Qd2 Nc6 27. f4
Rd8 28. Nf2 Rxd3 29. Qxd3 Qd8 30. Qb5 Qc8 31. h4 Nf8 32. h5 a6 33. Qb3 Nd8 34.
Ne4 Qd7 35. Bf2 Qd5 36. Qf3 Nd7 37. Kh2 Nc6 38. b4 Kf8 39. Qe3 Qd1 40. Ng3 Ne7
41. Qe4 Qd5 42. Qc2 f6 43. exf6 Nxf6 44. Qe2 Nf5 45. Nf1 Nd4 46. Bxd4 Qxd4 47.
Qxe6 Qxf4+ 48. Kg1 Nxh5 49. Qc8+ Ke7 50. Qxb7 Qd4+ 51. Kh1 Qh4+ 52. Kg1 1/2-1/2

[Event "Toronto May Norm"]
[Site "Toronto CAN"]
[Date "2022.05.17"]
[Round "4"]
[White "Wang, Tianqi"]
[Black "Duong, Thanh Nha"]
[Result "1/2-1/2"]
[WhiteElo "2262"]
[BlackElo "2188"]
[PlyCount "48"]
[EventDate "2022.05.16"]
[EventType "tourn"]
[EventRounds "9"]
[EventCountry "CAN"]

1. b3 c5 2. Bb2 b6 3. e4 Bb7 4. Nc3 d6 5. Nf3 Nf6 6. Bc4 e6 7. Qe2 a6 8. e5
dxe5 9. Nxe5 Qd6 10. f4 b5 11. Bd3 Be7 12. O-O-O Nc6 13. Ne4 Nxe4 14. Bxe4 Nd4
15. Qe3 Bxe4 16. Qxe4 Rc8 17. g4 O-O 18. h4 Rfd8 19. d3 f6 20. c3 fxe5 21. fxe5
Qc6 22. cxd4 Qxe4 23. dxe4 cxd4+ 24. Kb1 Rd7 1/2-1/2

[Event "Toronto May Norm"]
[Site "Toronto CAN"]
[Date "2022.05.18"]
[Round "5"]
[White "Duong, Thanh Nha"]
[Black "Talukdar, Rohan"]
[Result "0-1"]
[WhiteElo "2188"]
[BlackElo "2323"]
[PlyCount "78"]
[EventDate "2022.05.16"]
[EventType "tourn"]
[EventRounds "9"]
[EventCountry "CAN"]

1. e4 e6 2. d3 d5 3. Nd2 Nf6 4. Ngf3 Nc6 5. c3 Bd6 6. Be2 O-O 7. O-O e5 8. Re1
Ne7 9. Bf1 Ng6 10. g3 c6 11. Bg2 Re8 12. Qc2 a5 13. b3 h6 14. h3 Be6 15. Bb2
Qb6 16. Rac1 dxe4 17. dxe4 a4 18. Bf1 Nh5 19. Kg2 Bxh3+ 20. Kg1 Be6 21. Kg2
axb3 22. axb3 Bc5 23. Nc4 Qc7 24. b4 Ba7 25. Ne3 Qe7 26. Nf5 Qf8 27. Ra1 Nf6
28. b5 Bc5 29. bxc6 bxc6 30. Nd2 Rxa1 31. Rxa1 Ng4 32. Nb3 Bxb3 33. Qxb3 Rb8
34. Qa2 Nxf2 35. Kf3 Ne7 36. Nh4 Qc8 37. Bc4 Qg4+ 38. Kg2 Nxe4 39. Bxf7+ Kh8
0-1

[Event "Toronto May Norm"]
[Site "Toronto CAN"]
[Date "2022.05.18"]
[Round "5"]
[White "Ivanov, Mike"]
[Black "Plotkin, Mark"]
[Result "1-0"]
[WhiteElo "2342"]
[BlackElo "2350"]
[PlyCount "57"]
[EventDate "2022.05.16"]
[EventType "tourn"]
[EventRounds "9"]
[EventCountry "CAN"]

1. e4 c5 2. Nf3 Nc6 3. Bb5 e6 4. O-O Nge7 5. c3 a6 6. Ba4 b5 7. Bc2 Bb7 8. Qe2
d5 9. e5 Qb6 10. Re1 Rd8 11. a4 b4 12. a5 Nxa5 13. d4 Nec6 14. Nbd2 b3 15. dxc5
Bxc5 16. Bd3 Rd7 17. Ra4 Kd8 18. h4 Kc8 19. h5 f5 20. Ng5 Re8 21. Ndf3 g6 22.
h6 Nc4 23. Bxc4 dxc4 24. Be3 Bxe3 25. Qxe3 Qb5 26. Raa1 Rd3 27. Qf4 Re7 28. Nd2
Na5 29. Rxa5 1-0

[Event "Toronto May Norm"]
[Site "Toronto CAN"]
[Date "2022.05.18"]
[Round "5"]
[White "Jaferian, Koosha"]
[Black "Ouellet, Maili-Jade"]
[Result "1/2-1/2"]
[WhiteElo "2218"]
[BlackElo "2193"]
[PlyCount "100"]
[EventDate "2022.05.16"]
[EventType "tourn"]
[EventRounds "9"]
[EventCountry "CAN"]

1. e4 d5 2. exd5 Qxd5 3. Nf3 Bg4 4. Be2 Nc6 5. h3 Bxf3 6. Bxf3 Qe6+ 7. Qe2 Nd4
8. Qxe6 Nxf3+ 9. gxf3 fxe6 10. d3 g6 11. Nc3 Nf6 12. Ne4 b6 13. Bd2 Bg7 14. Rb1
Kd7 15. Ke2 Rhf8 16. h4 Nh5 17. Ng3 Nf4+ 18. Bxf4 Rxf4 19. Ne4 Raf8 20. h5 Rxf3
21. hxg6 hxg6 22. c3 R8f5 23. Rbg1 g5 24. Rh2 R3f4 25. Ke3 Bf6 26. Rhg2 a5 27.
Rh1 a4 28. a3 Kc6 29. Rhg1 Kd7 30. Rh1 c5 31. Rb1 Kc6 32. b3 axb3 33. Rxb3 c4
34. dxc4 Rf3+ 35. Ke2 R3f4 36. Ke3 g4 37. Rb5 e5 38. a4 Bh4 39. c5 bxc5 40.
Rxc5+ Kb6 41. Rxe5 Rf3+ 42. Kd4 Rxe5 43. Kxe5 Bf6+ 44. Kd5 Rf5+ 45. Kc4 Rf4 46.
Kd3 Rf3+ 47. Kc2 Rf4 48. Kd3 Rf3+ 49. Ke2 Rf4 50. Kd3 Rf3+ 1/2-1/2

[Event "Toronto May Norm"]
[Site "Toronto CAN"]
[Date "2022.05.18"]
[Round "5"]
[White "Li, Yunshan"]
[Black "Oancea, Nicolae"]
[Result "1/2-1/2"]
[WhiteElo "2262"]
[BlackElo "1855"]
[PlyCount "103"]
[EventDate "2022.05.16"]
[EventType "tourn"]
[EventRounds "9"]
[EventCountry "CAN"]

1. e4 c5 2. Be2 Nc6 3. d3 e6 4. f4 d5 5. e5 Qc7 6. Nf3 Bd7 7. O-O f6 8. c3 Nge7
9. Na3 a6 10. d4 cxd4 11. cxd4 Ng6 12. Nc2 Be7 13. Be3 Qb6 14. b4 O-O 15. a3 a5
16. b5 Na7 17. a4 Nc8 18. Qe1 Qd8 19. Bd2 Be8 20. Bd3 f5 21. Rb1 h6 22. g3 Nh8
23. h3 b6 24. Qe3 Ra7 25. g4 g6 26. gxf5 gxf5 27. Kh2 Kh7 28. Rg1 Ng6 29. Rg2
Rg8 30. Rbg1 Bf8 31. Qe2 Nge7 32. Be1 Rxg2+ 33. Qxg2 Ng6 34. Bh4 Qc7 35. Bf6
Bg7 36. Bxg7 Qxg7 37. Qd2 Qf8 38. Rc1 Nce7 39. Nce1 Bd7 40. Ng2 Qd8 41. Qc3 Ng8
42. Be2 Qe7 43. h4 Ra8 44. h5 Nf8 45. Rg1 Rc8 46. Qe1 Rc7 47. Qg3 Qg7 48. Qe1
Be8 49. Ne3 Qe7 50. Qg3 Qg7 51. Qh4 Qe7 52. Qg3 1/2-1/2

[Event "Toronto May Norm"]
[Site "Toronto CAN"]
[Date "2022.05.18"]
[Round "5"]
[White "Song, Michael"]
[Black "Wang, Tianqi"]
[Result "0-1"]
[WhiteElo "2408"]
[BlackElo "2262"]
[PlyCount "170"]
[EventDate "2022.05.16"]
[EventType "tourn"]
[EventRounds "9"]
[EventCountry "CAN"]

1. d4 Nf6 2. c4 e6 3. Nc3 Bb4 4. e3 O-O 5. Bd3 d5 6. cxd5 exd5 7. a3 Bd6 8. Qc2
c6 9. Nge2 Re8 10. Bd2 a5 11. f3 c5 12. h4 Nc6 13. Nb5 c4 14. Bf5 Bxf5 15. Qxf5
Ne7 16. Qh3 Qb6 17. Nec3 Bb4 18. O-O Bxc3 19. Nxc3 Qc6 20. g4 b5 21. Ne2 Nc8
22. Nf4 Nd7 23. g5 Nf8 24. Qf5 Ne7 25. Qg4 Nc8 26. Rac1 Nd6 27. Nh5 Nd7 28. Kf2
Re7 29. Nf4 Ree8 30. Nh5 Re6 31. Nf4 Re7 32. b4 a4 33. h5 f5 34. Qh3 Nf8 35.
Nd3 Qe8 36. Nf4 Qc6 37. Rh1 Qb7 38. Qh2 c3 39. Rxc3 Nc4 40. Bc1 Ne6 41. g6 h6
42. Nxe6 Rxe6 43. Qf4 Rf6 44. Ke2 Qe7 45. Bd2 Re6 46. Qxf5 Kh8 47. Qf4 Rf6 48.
Qh4 Qd6 49. Qf2 Raf8 50. Rh3 Qe6 51. Qg2 Qf5 52. Rh1 Qd7 53. Rf1 Qf5 54. Rh1
Qe6 55. Qh3 Rf5 56. Be1 Re8 57. Bf2 Qf6 58. Qh4 Qf8 59. Qh3 Qf6 60. Qg4 Qf8 61.
Bg3 Rg5 62. Qh3 Qf6 63. Rd1 Rf5 64. Qg4 Rg5 65. Qh3 Rf5 66. Qg4 Rg5 67. Qd7 Rf8
68. Bf4 Rg2+ 69. Kf1 Nxe3+ 70. Rxe3 Qxf4 71. Qe7 Rg3 72. Qxf8+ Qxf8 73. Kf2 Rg4
74. Rde1 Re4 75. Rxe4 dxe4 76. Rxe4 Qd8 77. d5 Kg8 78. d6 Kf8 79. Rd4 Qb6 80.
Ke3 Ke8 81. d7+ Kd8 82. Ke4 Qe6+ 83. Kf4 Qb3 84. Ke5 Qxa3 85. Ke6 Qe3+ 0-1

[Event "Toronto May Norm"]
[Site "Toronto CAN"]
[Date "2022.05.18"]
[Round "6"]
[White "Jaferian, Koosha"]
[Black "Ivanov, Mike"]
[Result "0-1"]
[WhiteElo "2218"]
[BlackElo "2342"]
[PlyCount "108"]
[EventDate "2022.05.16"]
[EventType "tourn"]
[EventRounds "9"]
[EventCountry "CAN"]

1. d4 c5 2. d5 Nf6 3. c4 e6 4. Nc3 exd5 5. cxd5 Bd6 6. g3 O-O 7. Bg2 Re8 8. Nf3
a6 9. a4 Bc7 10. O-O d6 11. Nd2 Nbd7 12. Nc4 Rb8 13. Bf4 Nf8 14. a5 h6 15. e4
Ng6 16. Bd2 Ne5 17. Nxe5 Rxe5 18. f4 Re8 19. Qa4 b5 20. axb6 Rxb6 21. Qa3 Bd7
22. h3 Qb8 23. Bc1 a5 24. Rf2 a4 25. Qa2 Rb3 26. Qb1 a3 27. Qc2 Ba5 28. Ra2 Qb4
29. Rf3 axb2 30. Bxb2 c4 31. Kh2 Bb6 32. Ba1 Qc5 33. Rf1 Qe3 34. Qc1 Qc5 35.
Na4 Bxa4 36. Bxf6 Bb5 37. Bc3 Qe3 38. Qxe3 Bxe3 39. Rc2 Ra8 40. Rf3 Bc5 41. g4
Rb1 42. Rf1 Rxf1 43. Bxf1 Be3 44. Kg3 Ra3 45. Bb4 Rb3 46. Rc3 Bxf4+ 47. Kxf4
Rxb4 48. e5 Rb1 49. Bg2 g5+ 50. Kf5 Re1 51. e6 Kg7 52. Be4 fxe6+ 53. dxe6 Be8
54. e7 Bd7# 0-1

[Event "Toronto May Norm"]
[Site "Toronto CAN"]
[Date "2022.05.18"]
[Round "6"]
[White "Li, Yunshan"]
[Black "Duong, Thanh Nha"]
[Result "1-0"]
[WhiteElo "2262"]
[BlackElo "2188"]
[PlyCount "101"]
[EventDate "2022.05.16"]
[EventType "tourn"]
[EventRounds "9"]
[EventCountry "CAN"]

1. d4 d5 2. c4 Nc6 3. e3 e6 4. Nc3 Nf6 5. Nf3 a6 6. Bd3 dxc4 7. Bxc4 b5 8. Bd3
Nb4 9. Bb1 c5 10. a4 bxa4 11. O-O Bb7 12. Ne5 Nd7 13. Qxa4 f6 14. Nd3 Nxd3 15.
Bxd3 cxd4 16. exd4 Kf7 17. Re1 Nb6 18. Qb3 Bd5 19. Nxd5 Nxd5 20. Qb7+ Be7 21.
Rxa6 Rxa6 22. Qxa6 Qc8 23. Bd2 Qxa6 24. Bxa6 Rb8 25. Bc3 Rb6 26. Bc4 Nxc3 27.
bxc3 Rc6 28. Bb3 Rxc3 29. Bxe6+ Kf8 30. Ra1 Ba3 31. g3 Ke7 32. Bg8 h5 33. Kg2
g5 34. Rb1 Bd6 35. Rb7+ Bc7 36. d5 Kd6 37. Rb4 Ke5 38. Rb2 Kd4 39. Rb4+ Kc5 40.
Re4 Be5 41. h4 Kd6 42. f4 Rc2+ 43. Kf3 g4+ 44. Ke3 Bb2 45. Rb4 Rg2 46. Ke4 Bc3
47. Rb6+ Ke7 48. d6+ Kd7 49. Kf5 Re2 50. Bc4 Ba5 51. Ra6 1-0

[Event "Toronto May Norm"]
[Site "Toronto CAN"]
[Date "2022.05.18"]
[Round "6"]
[White "Ouellet, Maili-Jade"]
[Black "Wang, Tianqi"]
[Result "0-1"]
[WhiteElo "2188"]
[BlackElo "2262"]
[PlyCount "80"]
[EventDate "2022.05.16"]
[EventType "tourn"]
[EventRounds "9"]
[EventCountry "CAN"]

1. d4 d5 2. c4 e6 3. Nc3 Be7 4. cxd5 exd5 5. Bf4 c6 6. e3 Bf5 7. g4 Be6 8. Bd3
g6 9. f3 Nd7 10. Nge2 h5 11. gxh5 Rxh5 12. Qd2 b5 13. a4 a6 14. Bg3 Bh4 15. b4
Nb6 16. a5 Nc8 17. Kd1 Bxg3 18. Nxg3 Rh3 19. Kc2 Qe7 20. Nce2 g5 21. Qc3 Bd7
22. Bf5 Rh6 23. Nc1 Nd6 24. Bxd7+ Qxd7 25. Nd3 Nc4 26. Nc5 Qh3 27. Rag1 Ne7 28.
e4 Rf6 29. Qd3 Rf4 30. Qe2 O-O-O 31. e5 Rxd4 32. Rd1 Nf5 33. Kb3 Rxd1 34. Rxd1
Re8 35. Qf2 Rxe5 36. Nce4 Ne7 37. Rd3 dxe4 38. Nxe4 Qe6 39. Kc3 Nd5+ 40. Kb3
Qe7 0-1

[Event "Toronto May Norm"]
[Site "Toronto CAN"]
[Date "2022.05.18"]
[Round "6"]
[White "Plotkin, Mark"]
[Black "Oancea, Nicolae"]
[Result "1-0"]
[WhiteElo "2350"]
[BlackElo "1855"]
[PlyCount "51"]
[EventDate "2022.05.16"]
[EventType "tourn"]
[EventRounds "9"]
[EventCountry "CAN"]

1. d4 Nf6 2. Nf3 c6 3. c4 d5 4. Nc3 g6 5. Bf4 Bg7 6. e3 Bg4 7. Qb3 Bxf3 8. Qxb7
Bxg2 9. Bxg2 Nbd7 10. cxd5 cxd5 11. Nxd5 Nxd5 12. Bxd5 O-O 13. Bc7 Qc8 14. Qxa8
Qxc7 15. Qb7 Qa5+ 16. b4 Qd8 17. O-O e6 18. Bg2 e5 19. dxe5 Nxe5 20. Rad1 Qg5
21. f4 Qh6 22. fxe5 Qxe3+ 23. Kh1 Bxe5 24. Qf3 Qh6 25. Qh3 Qg7 26. Rd7 1-0

[Event "Toronto May Norm"]
[Site "Toronto CAN"]
[Date "2022.05.18"]
[Round "6"]
[White "Talukdar, Rohan"]
[Black "Song, Michael"]
[Result "1/2-1/2"]
[WhiteElo "2323"]
[BlackElo "2408"]
[PlyCount "71"]
[EventDate "2022.05.16"]
[EventType "tourn"]
[EventRounds "9"]
[EventCountry "CAN"]

1. e4 e5 2. Nf3 Nf6 3. Nxe5 d6 4. Nf3 Nxe4 5. c4 Nc6 6. d3 Nf6 7. d4 d5 8. c5
Ne7 9. Nc3 c6 10. Bd3 g6 11. O-O Bg7 12. Bf4 O-O 13. h3 Bf5 14. Re1 Re8 15. b4
a5 16. b5 Ne4 17. Na4 Nc8 18. bxc6 bxc6 19. Rb1 Be6 20. Ne5 Qh4 21. Bxe4 Qxf4
22. g3 Qh6 23. Bg2 Na7 24. Nb6 Rad8 25. Qa4 Bf5 26. Rbd1 Bxe5 27. dxe5 Bxh3 28.
Qxa5 Bxg2 29. Kxg2 Re7 30. a4 Rde8 31. Re3 Qg5 32. Rde1 h5 33. Qc3 Qg4 34. f3
Qg5 35. Qd4 Qf5 36. R1e2 1/2-1/2

[Event "Toronto May Norm"]
[Site "Toronto CAN"]
[Date "2022.05.19"]
[Round "7"]
[White "Duong, Thanh Nha"]
[Black "Plotkin, Mark"]
[Result "1-0"]
[WhiteElo "2188"]
[BlackElo "2350"]
[PlyCount "69"]
[EventDate "2022.05.16"]
[EventType "tourn"]
[EventRounds "9"]
[EventCountry "CAN"]

1. d4 e6 2. Nf3 c5 3. c3 f5 4. g3 Nf6 5. Bg2 Nc6 6. O-O d5 7. b3 Ne4 8. Bb2
cxd4 9. cxd4 Bd6 10. Nc3 O-O 11. Ne5 Bd7 12. f3 Nxc3 13. Bxc3 f4 14. gxf4 Rxf4
15. e3 Nxe5 16. dxe5 Bc5 17. Re1 Rh4 18. Kh1 Bc6 19. Re2 Qg5 20. Be1 Rh6 21. f4
Qh5 22. Bg3 Qg6 23. Qe1 Bb5 24. Rb2 Ba3 25. Rbb1 Bd3 26. b4 Rc8 27. Rb3 Rc2 28.
e4 Rxg2 29. Kxg2 Bxe4+ 30. Kf2 Rxh2+ 31. Bxh2 Qg2+ 32. Ke3 Qxh2 33. Qf2 d4+ 34.
Ke2 d3+ 35. Ke3 1-0

[Event "Toronto May Norm"]
[Site "Toronto CAN"]
[Date "2022.05.19"]
[Round "7"]
[White "Ivanov, Mike"]
[Black "Ouellet, Maili-Jade"]
[Result "1-0"]
[WhiteElo "2342"]
[BlackElo "2188"]
[PlyCount "81"]
[EventDate "2022.05.16"]
[EventType "tourn"]
[EventRounds "9"]
[EventCountry "CAN"]

1. e4 c5 2. Nc3 e6 3. Nge2 a6 4. g3 b5 5. Bg2 Bb7 6. O-O Nf6 7. d3 d6 8. f4
Nbd7 9. h3 Qc7 10. g4 b4 11. Na4 g6 12. a3 Bg7 13. Ng3 a5 14. Be3 Bc6 15. c4 h5
16. g5 Ng8 17. Ra2 h4 18. Nh1 Bd4 19. Bxd4 cxd4 20. Nf2 Qb8 21. b3 Ne7 22. Ng4
Bxa4 23. bxa4 b3 24. Rb2 Nc5 25. Nf6+ Kd8 26. e5 Ra6 27. Ne4 Nxe4 28. dxe4 dxe5
29. fxe5 Ke8 30. Rxb3 Rb6 31. Rbf3 Qxe5 32. Rxf7 Rb7 33. Qf3 Rh5 34. Kh1 Rxg5
35. Rh7 Qc5 36. e5 Rb2 37. Rxe7+ Qxe7 38. Qa8+ Kd7 39. Bc6+ Kc7 40. Qb7+ Kd8
41. Qb8+ 1-0

[Event "Toronto May Norm"]
[Site "Toronto CAN"]
[Date "2022.05.19"]
[Round "7"]
[White "Oancea, Nicolae"]
[Black "Jaferian, Koosha"]
[Result "0-1"]
[WhiteElo "1855"]
[BlackElo "2218"]
[PlyCount "60"]
[EventDate "2022.05.16"]
[EventType "tourn"]
[EventRounds "9"]
[EventCountry "CAN"]

1. e4 c6 2. d4 d5 3. e5 Bf5 4. h4 h5 5. Bd3 Bxd3 6. Qxd3 e6 7. Bg5 Qb6 8. Nd2
Nh6 9. Ne2 Nf5 10. O-O Nd7 11. c4 Be7 12. c5 Qd8 13. Bxe7 Qxe7 14. g3 g5 15.
hxg5 Qxg5 16. Nf3 Qg7 17. Kh2 Qg4 18. Nh4 Nxh4 19. gxh4 O-O-O 20. Rg1 Qxh4+ 21.
Qh3 Qe4 22. Qe3 Qxe3 23. fxe3 f6 24. Nf4 fxe5 25. Nxe6 Rde8 26. Ng7 Ref8 27.
Raf1 Nf6 28. Nf5 Ng4+ 29. Kh3 Kd7 30. Kh4 Rh7 0-1

[Event "Toronto May Norm"]
[Site "Toronto CAN"]
[Date "2022.05.19"]
[Round "7"]
[White "Song, Michael"]
[Black "Li, Yunshan"]
[Result "1/2-1/2"]
[WhiteElo "2408"]
[BlackElo "2262"]
[PlyCount "136"]
[EventDate "2022.05.16"]
[EventType "tourn"]
[EventRounds "9"]
[EventCountry "CAN"]

1. d4 d5 2. c4 dxc4 3. Nf3 Nf6 4. e3 e6 5. Bxc4 c5 6. O-O Nc6 7. dxc5 Qxd1 8.
Rxd1 Bxc5 9. a3 O-O 10. b4 Be7 11. Bb2 b6 12. Nbd2 Bb7 13. Rac1 Rac8 14. Rc2
Nd7 15. Rdc1 Bf6 16. Bxf6 Nxf6 17. Kf1 h6 18. Nb3 Ne7 19. Ke2 Be4 20. Bd3 Bxd3+
21. Kxd3 Rfd8+ 22. Nbd4 Kf8 23. Rxc8 Rxc8 24. Rxc8+ Nxc8 25. Ne5 Nd5 26. f4 Ke7
27. g3 f6 28. Nc4 Kd7 29. e4 Nde7 30. f5 exf5 31. exf5 Nc6 32. Ne6 g5 33. b5
N6e7 34. g4 Nd6 35. Nf8+ Kc7 36. Ne6+ Kd7 37. Nxd6 Kxd6 38. Ke4 Nd5 39. Kd4 Ne7
40. Ng7 Ng8 41. Nh5 Kd7 42. Kd5 Ne7+ 43. Kd4 Ng8 44. Ng3 Ne7 45. Ne4 Ng8 46. h3
Ke7 47. Nc3 Kd7 48. Nd5 Kd6 49. a4 Kd7 50. Ne3 Ne7 51. Nd5 Ng8 52. Nc3 Ne7 53.
Ne4 Ng8 54. Kc4 Ke7 55. a5 bxa5 56. Kb3 h5 57. gxh5 Nh6 58. Ka4 Nxf5 59. Kxa5
Kf7 60. Ka6 Nd4 61. h6 Kg6 62. h7 Kxh7 63. Nxf6+ Kg6 64. Ne4 Kh5 65. Nxg5 Kxg5
66. b6 axb6 67. Kxb6 Kh4 68. Kb7 Kxh3 1/2-1/2

[Event "Toronto May Norm"]
[Site "Toronto CAN"]
[Date "2022.05.24"]
[Round "7"]
[White "Wang, Tianqi"]
[Black "Talukdar, Rohan"]
[Result "1/2-1/2"]
[WhiteElo "2262"]
[BlackElo "2323"]
[PlyCount "107"]
[EventDate "2022.05.16"]
[EventType "tourn"]
[EventRounds "9"]
[EventCountry "CAN"]

1. Nf3 c5 2. b3 d6 3. Bb2 e5 4. e3 Nc6 5. d4 cxd4 6. exd4 e4 7. Nfd2 d5 8. c4
Nf6 9. Be2 dxc4 10. Nxc4 Bb4+ 11. Nbd2 Nxd4 12. a3 Bxd2+ 13. Qxd2 Nxe2 14.
Qxd8+ Kxd8 15. Rd1+ Ke7 16. Kxe2 Bg4+ 17. f3 exf3+ 18. gxf3 Be6 19. Na5 Rhc8
20. a4 Rc2+ 21. Rd2 Rxd2+ 22. Kxd2 Rd8+ 23. Ke2 Bd5 24. Rc1 Ne8 25. Ke3 f6 26.
Ba3+ Ke6 27. Kf2 Rd7 28. Rc3 b6 29. Nc6 Bxc6 30. Rxc6+ Kd5 31. Rc8 Nc7 32. Bc1
Ne6 33. Be3 Rc7 34. Rh8 Rc2+ 35. Kg3 Rc3 36. Kf2 Rxb3 37. Rxh7 Rb4 38. Rh5+ g5
39. a5 bxa5 40. Rh7 a4 41. Rxa7 Kc4 42. Ra6 Nf4 43. h4 Kb3 44. hxg5 fxg5 45.
Kg3 Rb5 46. Kg4 a3 47. Bc1 a2 48. Ra3+ Kc2 49. Bxf4 Kb1 50. Bxg5 a1=Q 51. Rxa1+
Kxa1 52. f4 Rb4 53. Kh5 Rxf4 54. Bxf4 1/2-1/2

[Event "Toronto May Norm"]
[Site "Toronto CAN"]
[Date "2022.05.19"]
[Round "8"]
[White "Ivanov, Mike"]
[Black "Oancea, Nicolae"]
[Result "1-0"]
[WhiteElo "2342"]
[BlackElo "1855"]
[PlyCount "50"]
[EventDate "2022.05.16"]
[EventType "tourn"]
[EventRounds "9"]
[EventCountry "CAN"]

1. e4 e6 2. d4 d5 3. e5 c5 4. c3 Nc6 5. Nf3 Qb6 6. Bd3 Bd7 7. O-O cxd4 8. Re1
dxc3 9. Nxc3 a6 10. Ng5 Nh6 11. Bf4 Bc5 12. Bg3 Qxb2 13. Rc1 Ba3 14. Qh5 O-O-O
15. Rc2 Qb4 16. Rb1 Qd4 17. Qe2 Qa7 18. Nf3 Kb8 19. Bf4 Ka8 20. Na4 d4 21. Nb6+
Kb8 22. Nxd7+ Rxd7 23. Rxc6 Rc8 24. Rxa6 Qc5 25. h3 Nf5 1-0

[Event "Toronto May Norm"]
[Site "Toronto CAN"]
[Date "2022.05.19"]
[Round "8"]
[White "Jaferian, Koosha"]
[Black "Duong, Thanh Nha"]
[Result "1/2-1/2"]
[WhiteElo "2218"]
[BlackElo "2188"]
[PlyCount "125"]
[EventDate "2022.05.16"]
[EventType "tourn"]
[EventRounds "9"]
[EventCountry "CAN"]

1. Nf3 c5 2. b3 Nf6 3. Bb2 e6 4. e3 Be7 5. c4 O-O 6. Be2 b6 7. d4 cxd4 8. Nxd4
Bb7 9. Bf3 Qc8 10. Nd2 a6 11. Rc1 d6 12. O-O Nbd7 13. Qe2 Ne5 14. Bxb7 Qxb7 15.
e4 Rfe8 16. f4 Nc6 17. e5 Nxd4 18. Bxd4 Nd7 19. Qf2 Rad8 20. Rce1 Nc5 21. Bxc5
dxc5 22. f5 exf5 23. Qxf5 Bh4 24. Re2 Qd7 25. Qh5 Qd4+ 26. Kh1 g6 27. Qf3 f5
28. exf6 Rxe2 29. Qxe2 Qxd2 30. Qe6+ Kh8 31. f7 Qf4 32. f8=Q+ Qxf8 33. Rxf8+
Rxf8 34. g3 Bd8 35. Kg2 a5 36. Qd6 Kg8 37. h4 Kg7 38. Qd7+ Kg8 39. Kh3 h5 40.
g4 hxg4+ 41. Kxg4 Kh8 42. h5 gxh5+ 43. Kxh5 Kg8 44. Qe6+ Kg7 45. Qe5+ Kh7 46.
a3 Rf6 47. Qe8 Rh6+ 48. Kg4 Bf6 49. Kf5 Bd4 50. Qe7+ Kg8 51. Ke4 Bg7 52. Kd5
Bf8 53. Qg5+ Kf7 54. Qe5 Be7 55. Qb8 Rf6 56. Qh8 Rd6+ 57. Ke4 Bf6 58. Qc8 Be7
59. Kf5 Rf6+ 60. Ke5 Bd6+ 61. Kd5 Be7 62. Qd7 Kf8 63. Qc8+ 1/2-1/2

[Event "Toronto May Norm"]
[Site "Toronto CAN"]
[Date "2022.05.19"]
[Round "8"]
[White "Li, Yunshan"]
[Black "Wang, Tianqi"]
[Result "1/2-1/2"]
[WhiteElo "2262"]
[BlackElo "2262"]
[PlyCount "120"]
[EventDate "2022.05.16"]
[EventType "tourn"]
[EventRounds "9"]
[EventCountry "CAN"]

1. d4 Nf6 2. c4 e6 3. Nc3 Bb4 4. Qc2 O-O 5. a3 Bxc3+ 6. Qxc3 d5 7. Bg5 dxc4 8.
Qxc4 b6 9. Nf3 Ba6 10. Qc2 Nbd7 11. g3 Bb7 12. Bg2 Qc8 13. O-O Be4 14. Qc1 Qb7
15. Rd1 Rac8 16. b4 h6 17. Bxf6 Nxf6 18. Qe3 Rfd8 19. Rac1 Qd5 20. Ne1 Bxg2 21.
Nxg2 Qb5 22. Qd3 Qa4 23. Qc4 c5 24. bxc5 Qxc4 25. Rxc4 Rxc5 26. Rxc5 bxc5 27.
Ne1 Ne4 28. e3 Nc3 29. Rd3 cxd4 30. Nf3 Nb5 31. a4 Nc3 32. Nxd4 Nxa4 33. Ra3
Nc5 34. Rxa7 e5 35. Nc6 Rd1+ 36. Kg2 Nd3 37. Ne7+ Kh7 38. Nf5 Rd2 39. g4 Nxf2
40. Rxf7 Nxg4+ 41. Kg3 Kg6 42. Rxg7+ Kxf5 43. Rxg4 Re2 44. Rh4 Rxe3+ 45. Kf2
Ra3 46. Rxh6 Kg5 47. Rh8 Kf4 48. Rh4+ Kf5 49. Ke2 Ke6 50. Rb4 Ra2+ 51. Ke3 Rxh2
52. Ra4 Kf5 53. Rb4 Ra2 54. Rc4 Ra3+ 55. Ke2 Ke6 56. Rh4 Ra2+ 57. Ke3 Kd5 58.
Rg4 Ra1 59. Rh4 Re1+ 60. Kd2 Re4 1/2-1/2

[Event "Toronto May Norm"]
[Site "Toronto CAN"]
[Date "2022.05.19"]
[Round "8"]
[White "Ouellet, Maili-Jade"]
[Black "Talukdar, Rohan"]
[Result "1/2-1/2"]
[WhiteElo "2193"]
[BlackElo "2323"]
[PlyCount "43"]
[EventDate "2022.05.16"]
[EventType "tourn"]
[EventRounds "9"]
[EventCountry "CAN"]

1. d4 Nf6 2. c4 g6 3. Nc3 d5 4. Nf3 Bg7 5. Qb3 dxc4 6. Qxc4 Nfd7 7. e4 Nb6 8.
Qd3 Bg4 9. Be3 O-O 10. Be2 Nc6 11. Rd1 Bxf3 12. Bxf3 e5 13. d5 Ne7 14. g4 Nec8
15. h4 Nd6 16. g5 f5 17. gxf6 Bxf6 18. Bh6 Bg7 19. Bg5 Bf6 20. Bh6 Bg7 21. Bg5
Bf6 22. Bh6 1/2-1/2